000 00289 a2200157 4500
001 182810
020 _a
040 _cMagnum
100 _aMalba Tahan
240 1 0 _aMaktub
_lpor
245 1 0 _aMaktub
300 _a220
362 0 _a1964
697 _aLITERATURA GERAL
942 _cBK
999 _c182810
_d182810